5HLuxD.jpg

KING HENRY VIII SENIOR AND PRIMARY SCHOOL LIBRARY OPAC

The tyrant's tomb / (Record no. 1022)

000 -LEADER
fixed length control field 01570nam a22002417a 4500
005 - DATE AND TIME OF LATEST TRANSACTION
control field 20200313111837.0
008 - FIXED-LENGTH DATA ELEMENTS--GENERAL INFORMATION
fixed length control field 200313b ||||| |||| 00| 0 eng d
020 ## - INTERNATIONAL STANDARD BOOK NUMBER
International Standard Book Number 9780141364049
040 ## - CATALOGING SOURCE
Transcribing agency KH8
082 ## - DEWEY DECIMAL CLASSIFICATION NUMBER
Classification number FIC RIO
100 ## - MAIN ENTRY--PERSONAL NAME
Personal name Riordan, Rick .
Relator term author
245 ## - TITLE STATEMENT
Title The tyrant's tomb /
Statement of responsibility, etc. Rick Riordan
260 ## - PUBLICATION, DISTRIBUTION, ETC.
Place of publication, distribution, etc. U.K. :
Name of publisher, distributor, etc. Puffin,
Date of publication, distribution, etc. 2019. ©2019.
300 ## - PHYSICAL DESCRIPTION
Extent 469 pages ;
Other physical details 24 cm.
440 ## - SERIES STATEMENT/ADDED ENTRY--TITLE
Title The trials of apollo ;
Number of part/section of a work Book 4.
500 ## - GENERAL NOTE
General note Includes short story: Percy Jackson and the Bronze Dragon
520 ## - SUMMARY, ETC.
Summary, etc. You will get to the Tiber alive. You will start to Jive. The former God Apollo is having a pretty rough time of it. Well, for one thing, he's called Lester. But being an awkward mortal teenager is the least of his worries. Though he and his friends (some of them) have emerged from the Burning Maze, they still have a triumvirate to defeat, oracles to rescue, and prophecies to decipher, so that the world may be saved, and Lester can become Apollo once again. But, right now, Nero, Caligula and Commodus are sailing to San Francisco with a massive army - and an overwhelming desire to destroyCamp Jupiter and everyone in it. Unfortunately, our only chance of salvation lies in the forgotten tomb of another psychotic ruler. You thought the emperors were scary? Wait till you meet the last king of Rome . . .
650 ## - SUBJECT ADDED ENTRY--TOPICAL TERM
Topical term or geographic name entry element Apollo
Form subdivision (Deity)
General subdivision Juvenile fiction.
650 ## - SUBJECT ADDED ENTRY--TOPICAL TERM
Topical term or geographic name entry element Gods, Greek
Form subdivision Juvenile fiction.
650 ## - SUBJECT ADDED ENTRY--TOPICAL TERM
Topical term or geographic name entry element Mythology, Greek
Form subdivision Juvenile fiction.
650 ## - SUBJECT ADDED ENTRY--TOPICAL TERM
Topical term or geographic name entry element Imaginary wars and battles
Form subdivision Juvenile fiction.
942 ## - ADDED ENTRY ELEMENTS (KOHA)
Source of classification or shelving scheme
Koha item type Books - Fiction
Holdings
Withdrawn status Lost status Source of classification or shelving scheme Damaged status Not for loan Collection code Permanent Location Current Location Shelving location Date acquired Total Checkouts Full call number Barcode Date last seen Date last checked out Price effective from Koha item type
          Fiction KH8 Senior School Library KH8 Senior School Library Fiction 2020-03-13 5 FIC RIO 3KHSL000101765 2024-11-14 2024-01-17 2020-03-13 Books - Fiction

Powered By KH8 IT Dept